| 000 | 01200nam2a22002531 4500 | ||
|---|---|---|---|
| 001 | RU\NLR\INFOCOMM15\1000151193 | ||
| 005 | 20250617132319.0 | ||
| 035 | _a(NLR Aleph) 002627919 | ||
| 090 |
_a3673942 _c3673942 |
||
| 100 | _a20040825d2000 |||y0rusy50 ca | ||
| 101 | 0 | _arus | |
| 102 | _aRU | ||
| 105 | _ay ||||||||| | ||
| 200 | 0 | _aВып.72 | |
| 210 |
_d2000 _aБ. м. |
||
| 300 | _aЮбилейн. вып. К 80-летию ААНИИ | ||
| 461 | 0 |
_1001RU\NLR\INFOCOMM15\1000151057 _12001#$aПроблемы Арктики и Антарктики$eСборник статей$fАркт. и антаркт. науч.-исслед. ин-т Глав. упр. Сев. мор. пути М-ва мор. флота СССР$vВып.72 _93673929 _cЛ. _d1937 - _fАркт. и антаркт. науч.-исслед. ин-т Глав. упр. Сев. мор. пути М-ва мор. флота СССР _nМорской транспорт _oСборник статей _tПроблемы Арктики и Антарктики _x0555-2648 _vВып.72 |
|
| 801 | 1 |
_aRU _bInfoComm _c20040825 |
|
| 801 | 0 |
_aRU _bNLR _gPSBO |
|
| 852 |
_aNLR _jП19/19 |
||
| 942 | _cISSUE | ||
| 980 | _aNB | ||
| 980 | _aRUSPER | ||